[Event "Saint Affrique op 22nd"]
[Site "Saint Affrique"]
[Date "2014.07.21"]
[Round "3"]
[White "Degraeve, Jean Marc"]
[Black "Roubaud, Alexandre"]
[Result "1-0"]
[WhiteElo "2579"]
[BlackElo "2171"]
[PlyCount "81"]
[EventDate "2014.07.19"]
[EventType "swiss"]
[EventRounds "9"]
[EventCountry "FRA"]
[SourceTitle "CBM 161 Extra"]
[Source "ChessBase"]
[SourceDate "2014.08.29"]
[SourceVersion "1"]
[SourceVersionDate "2014.08.29"]
[SourceQuality "1"]

1. e4 e5 2. Nf3 Nc6 3. Bc4 Bc5 4. c3 Nf6 5. d3 a6 6. Nbd2 Ba7 7. 0-0 0-0 8. h3 d6 9. Bb3 Ne7 10. Re1 Ng6 11. Nf1 c6 12. Ng3 a5 13. d4 Qc7 14. Bg5 Ne8 15. a4 h6 16. Be3 Nf6 17. Qd2 Kh7 18. Rad1 Re8 19. Bc2 b5 20. Nf5 Ng8 21. dxe5 dxe5 22. Qd6 Bb8 23. Qxc7 Bxc7 24. Nd6 Rd8 25. Nxf7 Rf8 26. Nd6 Bxh3 27. axb5 Bxd6 28. Rxd6 cxb5 29. Rxg6 Kxg6 30. Nxe5+ Kf6 31. Bd4 Be6 32. Nd7+ Kf7 33. Nxf8 Kxf8 34. f4 b4 35. f5 Bc4 36. e5 Rc8 37. e6 Bd5 38. Bd3 Bc4 39. Bxc4 Rxc4 40. Re5 b3 41. Bc5+ 1-0

[Event "FRA-ch U18"]
[Site "Saint Paul Trois Chateaux"]
[Date "2013.05.06"]
[Round "9"]
[White "Roubaud, Alexandre"]
[Black "Malka, Samuel"]
[Result "0-1"]
[WhiteElo "2172"]
[BlackElo "2172"]
[PlyCount "81"]
[EventDate "2013.04.28"]
[EventType "swiss"]
[EventRounds "9"]
[EventCountry "FRA"]
[SourceTitle "CBM 154 Extra"]
[Source "ChessBase"]
[SourceDate "2013.06.25"]
[SourceVersion "2"]
[SourceVersionDate "2013.06.25"]
[SourceQuality "1"]

1. e4 c5 2. Nf3 d6 3. d4 cxd4 4. Nxd4 Nf6 5. Nc3 g6 6. Be3 Bg7 7. f3 Nc6 8. Qd2 0-0 9. 0-0-0 d5 10. Qe1 e5 11. Nxc6 bxc6 12. exd5 Nxd5 13. Bc4 Be6 14. Ne4 Qc7 15. Bc5 Rfd8 16. g4 Nf4 17. Qc3 Rd5 18. Rhe1 Rad8 19. Bxd5 cxd5 20. Bb4 Qb8 21. Nc5 d4 22. Nxe6 Nxe6 23. Qb3 Qc7 24. Qa3 Rc8 25. c3 dxc3 26. bxc3 Nd4 27. Kb1 Nxf3 28. Re3 Nxh2 29. Red3 Nxg4 30. Rd7 Qb6 31. Qb3 Qf6 32. Rxa7 Qf5+ 33. Ka1 e4 34. Rad7 h5 35. a4 e3 36. Re7 Ne5 37. Re1 e2 38. Ka2 Nd3 39. Qb1 Qd5+ 40. Ka1 Rxc3 41. Rd7 0-1

[Event "FRA-ch U18"]
[Site "Saint Paul Trois Chateaux"]
[Date "2013.04.30"]
[Round "3"]
[White "Roubaud, Alexandre"]
[Black "Pourquet, Matthieu"]
[Result "1-0"]
[WhiteElo "2172"]
[BlackElo "2040"]
[PlyCount "41"]
[EventDate "2013.04.28"]
[EventType "swiss"]
[EventRounds "9"]
[EventCountry "FRA"]
[SourceTitle "CBM 154 Extra"]
[Source "ChessBase"]
[SourceDate "2013.06.25"]
[SourceVersion "2"]
[SourceVersionDate "2013.06.25"]
[SourceQuality "1"]

1. e4 e6 2. d4 d5 3. e5 c5 4. c3 Qb6 5. Nf3 Nc6 6. a3 Nh6 7. b4 cxd4 8. cxd4 Nf5 9. Be3 f6 10. exf6 gxf6 11. Bd3 Nxe3 12. fxe3 e5 13. Nc3 Be6 14. Na4 Qc7 15. dxe5 fxe5 16. Ng5 Qd7 17. b5 Nd8 18. Qh5+ Nf7 19. 0-0 Rg8 20. Nxh7 Be7 21. Bg6 1-0

[Event "FRA-ch U18"]
[Site "Nimes"]
[Date "2012.04.20"]
[Round "8"]
[White "Barbot, Pierre"]
[Black "Roubaud, Alexandre"]
[Result "1-0"]
[WhiteElo "2261"]
[BlackElo "2123"]
[PlyCount "63"]
[EventDate "2012.04.14"]
[EventType "swiss"]
[EventRounds "9"]
[EventCountry "FRA"]
[SourceTitle "CBM 148 Extra"]
[Source "ChessBase"]
[SourceDate "2012.06.22"]
[SourceVersion "1"]
[SourceVersionDate "2012.06.22"]
[SourceQuality "1"]

1. e4 e5 2. Nc3 Nf6 3. f4 d5 4. fxe5 Nxe4 5. Nf3 Be7 6. Qe2 Nxc3 7. dxc3 c5 8. Bf4 Nc6 9. 0-0-0 Be6 10. h4 h6 11. g3 Qa5 12. Kb1 0-0-0 13. Bh3 Qb6 14. Bxe6+ fxe6 15. Qd3 Na5 16. Qg6 Rhe8 17. Qxg7 d4 18. cxd4 Nc4 19. b3 cxd4 20. Bc1 Bb4 21. Qg6 Ne3 22. Rxd4 Nd5 23. Bb2 Kb8 24. Rhd1 Bc5 25. R4d3 Nb4 26. R3d2 Be3 27. Rd6 Qa5 28. a3 Nd5 29. c4 Nc3+ 30. Bxc3 Qxc3 31. Rxd8+ Kc7 32. Qd3 1-0

[Event "FRA-ch U18"]
[Site "Nimes"]
[Date "2012.04.17"]
[Round "5"]
[White "Roubaud, Alexandre"]
[Black "Domenech, Vianney"]
[Result "0-1"]
[WhiteElo "2123"]
[BlackElo "2181"]
[PlyCount "100"]
[EventDate "2012.04.14"]
[EventType "swiss"]
[EventRounds "9"]
[EventCountry "FRA"]
[SourceTitle "CBM 148 Extra"]
[Source "ChessBase"]
[SourceDate "2012.06.22"]
[SourceVersion "1"]
[SourceVersionDate "2012.06.22"]
[SourceQuality "1"]

1. e4 c6 2. Nc3 d5 3. Nf3 dxe4 4. Nxe4 Nf6 5. Ng3 h5 6. h3 h4 7. Ne2 Bf5 8. d3 Nbd7 9. Bg5 Qb6 10. Ned4 Bg6 11. Nb3 0-0-0 12. a4 e5 13. a5 Qb4+ 14. c3 Qe7 15. Nxh4 e4 16. Nxg6 fxg6 17. d4 Ne5 18. Qc1 Nd3+ 19. Bxd3 exd3+ 20. Be3 Qe4 21. Rg1 Nd5 22. Qd2 Nf4 23. f3 Qe6 24. Kf2 Nh5 25. Nc1 Bd6 26. Nxd3 Rhe8 27. Nf4 Qxe3+ 28. Qxe3 Bxf4 29. Qxe8 Rxe8 30. Rgd1 Be3+ 31. Ke2 Bxd4+ 32. Kd3 Bf6 33. Ra4 g5 34. Kc2 Nf4 35. Rd2 Kc7 36. Ra1 a6 37. c4 c5 38. Rad1 Re7 39. b3 Ne6 40. Rd5 Nd4+ 41. Kd3 Nxb3 42. Rb1 Nxa5 43. Rxc5+ Nc6 44. Rd5 Re5 45. g3 a5 46. f4 gxf4 47. gxf4 Nb4+ 48. Kd2 Rxd5+ 49. cxd5 Nxd5 50. Rb5 Kc6 0-1

[Event "Hastings Masters op 87th"]
[Site "Hastings"]
[Date "2012.01.04"]
[Round "8"]
[White "Roubaud, Alexandre"]
[Black "Rudd, Jack"]
[Result "0-1"]
[WhiteElo "2086"]
[BlackElo "2290"]
[PlyCount "42"]
[EventDate "2011.12.28"]
[EventType "swiss"]
[EventRounds "9"]
[EventCountry "ENG"]
[SourceTitle "CBM 146 Extra"]
[Source "ChessBase"]
[SourceDate "2012.02.29"]
[SourceVersion "1"]
[SourceVersionDate "2012.02.29"]
[SourceQuality "1"]

1. e4 c5 2. Nf3 d6 3. d4 cxd4 4. Nxd4 Nf6 5. Nc3 a6 6. Be3 e5 7. Nf3 Be7 8. Bc4 Be6 9. Nd5 Nbd7 10. Nxe7 Qxe7 11. Bd5 Nxd5 12. exd5 Bg4 13. Qd2 f5 14. Qb4 f4 15. Bb6 0-0 16. 0-0-0 a5 17. Qb5 Rfc8 18. Rde1 Bxf3 19. gxf3 Qf7 20. Rhg1 Ra6 21. Bxa5 Rc5 0-1

[Event "FRA-ch U16"]
[Site "Troyes"]
[Date "2010.04.13"]
[Round "4"]
[White "Feryn, Benjamin"]
[Black "Roubaud, Alexandre"]
[Result "1-0"]
[WhiteElo "1985"]
[BlackElo "2054"]
[PlyCount "63"]
[EventDate "2010.04.11"]
[EventType "swiss"]
[EventRounds "9"]
[EventCountry "FRA"]
[SourceTitle "EXT 2012"]
[Source "ChessBase"]
[SourceDate "2011.11.24"]
[SourceVersion "1"]
[SourceVersionDate "2011.11.24"]
[SourceQuality "1"]

1. e4 e5 2. Nc3 Nf6 3. g3 Bc5 4. Bg2 Nc6 5. Nge2 a6 6. 0-0 d6 7. h3 h5 8. h4 Be6 9. Nd5 Nh7 10. c3 Bg4 11. d3 Ba7 12. Ne3 g5 13. Nxg4 hxg4 14. h5 Qf6 15. Be3 Qh6 16. Qb3 Qxh5 17. Qxb7 Kd7 18. Bxa7 Rxa7 19. Qb3 Nf6 20. Rfd1 Raa8 21. d4 Rab8 22. Qc2 Rb6 23. c4 exd4 24. Nxd4 Ne5 25. c5 Nf3+ 26. Kf1 Rb4 27. cxd6 Rb7 28. Qc6+ Kc8 29. Rac1 Qg6 30. Qxa6 Ne8 31. d7+ Kxd7 32. Qxb7 1-0

[Event "Narbonne op 10th"]
[Site "Narbonne"]
[Date "2008.??.??"]
[Round "6"]
[White "Roubaud, Alexandre"]
[Black "Franca, Ricardo Bedin"]
[Result "1-0"]
[WhiteElo "1949"]
[BlackElo "2232"]
[PlyCount "53"]
[EventDate "2008.05.08"]
[EventType "swiss"]
[EventRounds "7"]
[EventCountry "FRA"]
[SourceTitle "CBM 124 Extra"]
[Source "ChessBase"]
[SourceDate "2008.07.03"]
[SourceVersion "1"]
[SourceVersionDate "2008.07.03"]
[SourceQuality "1"]

1. e4 c5 2. Nc3 d6 3. f4 Nc6 4. Nf3 g6 5. Bc4 Bg7 6. 0-0 e6 7. d3 Nge7 8. Qe1 0-0 9. Qh4 Nd4 10. f5 gxf5 11. Bg5 f6 12. Bh6 fxe4 13. Nxd4 cxd4 14. Qg4 Ng6 15. Bxe6+ Kh8 16. Bxg7+ Kxg7 17. Nxe4 d5 18. Ng3 Qb6 19. Rae1 Kh8 20. Nh5 Qxb2 21. Nxf6 Qb6 22. Qh5 Qc7 23. Bd7 Rxf6 24. Rxf6 Kg7 25. Rxg6+ hxg6 26. Re7+ Kf6 27. Re6+ 1-0

[Event "FRA-ch U10"]
[Site "Calvi"]
[Date "2005.04.18"]
[Round "2"]
[White "Roubaud, Alexandre"]
[Black "Moussard, Jules"]
[Result "0-1"]
[WhiteElo "1550"]
[BlackElo "2030"]
[PlyCount "80"]
[EventDate "2005.04.??"]
[EventType "swiss"]
[EventRounds "9"]
[EventCountry "FRA"]
[SourceTitle "EXT 2006"]
[Source "ChessBase"]
[SourceDate "2005.11.24"]
[SourceVersion "1"]
[SourceVersionDate "2005.11.24"]
[SourceQuality "1"]

1. e4 g6 2. d4 Bg7 3. Nf3 d6 4. Nc3 a6 5. Bc4 b5 6. Bb3 e6 7. Qd3 Bb7 8. d5 exd5 9. exd5 Nd7 10. 0-0 Ne7 11. Be3 0-0 12. Bd4 Nc5 13. Qd2 Bxd4 14. Qxd4 Nf5 15. Qd2 Qf6 16. a3 Rfe8 17. Rfe1 Nxb3 18. cxb3 c6 19. Ne4 Qg7 20. Nxd6 Nxd6 21. dxc6 Bxc6 22. Qxd6 Bxf3 23. gxf3 Qxb2 24. Rxe8+ Rxe8 25. Rd1 Qxb3 26. Qd7 Qe6 27. Qd4 Qe5 28. Qxe5 Rxe5 29. Rd6 Re6 30. Rd3 Kg7 31. Kg2 Kf6 32. f4 Rb6 33. Kf3 a5 34. Rb3 b4 35. h4 a4 36. Rb2 b3 37. Ke4 Rc6 38. Ke3 Rc3+ 39. Ke2 Kf5 40. Rd2 Ke4 0-1